000 00608nam a2200205Ia 4500
005 20250508165048.0
008 008 250505s9999 xx 000 0 hin d
037 _aTextual
040 _aFEDL
_beng
_cFEDL
041 _ahin
_2hin
084 _a491.43, NCE
_qFEDL
245 0 _aKishor bharti. Part 1 (6th kaksha ke liye hindi patthyapustak)
245 0 _cNCERT
260 _aNew Delhi, India
_bNational Council of Educational Research and Training
_c1987
300 _axii,216p.
365 _aINR
_b110
546 _aMACESE
942 _cTEXL
_h491.43, NCE
999 _c1392919
_d1392919